<?xml version="1.0" encoding="UTF-8"?>
<collection xmlns="http://www.loc.gov/MARC21/slim">
<record>
  <controlfield tag="001">134622</controlfield>
  <controlfield tag="005">20240424142036.0</controlfield>
  <datafield tag="024" ind1="7" ind2=" ">
    <subfield code="2">doi</subfield>
    <subfield code="a">10.55783/rcmf.160303</subfield>
  </datafield>
  <datafield tag="024" ind1="8" ind2=" ">
    <subfield code="2">sideral</subfield>
    <subfield code="a">138316</subfield>
  </datafield>
  <datafield tag="037" ind1=" " ind2=" ">
    <subfield code="a">ART-2023-138316</subfield>
  </datafield>
  <datafield tag="041" ind1=" " ind2=" ">
    <subfield code="a">spa</subfield>
  </datafield>
  <datafield tag="100" ind1=" " ind2=" ">
    <subfield code="a">Casado Vicente, Verónica</subfield>
  </datafield>
  <datafield tag="245" ind1=" " ind2=" ">
    <subfield code="a">Primer informe del Observatorio de la Academia de Medicina Familiar y Comunitaria de España (AMFE) en la universidad española, 2023</subfield>
  </datafield>
  <datafield tag="260" ind1=" " ind2=" ">
    <subfield code="c">2023</subfield>
  </datafield>
  <datafield tag="520" ind1="3" ind2=" ">
    <subfield code="a">Objetivos: conocer el grado de implementación de la Medicina Familiar y Comunitaria (MFyC) en el grado de Medicina de todas las universidades españolas.
Métodos: estudio descriptivo transversal, llevado a cabo entre enero y marzo de 2023. Cuestionario ad hoc, cumplimentado por docentes de las 44 facultades de Medicina (año académico 2022-2023), sobre seis temáticas centradas en la asignatura de MFyC, las prácticas tuteladas, las rotaciones, metodologías docentes y evaluativas, y el profesorado.
Resultados: participan 41 facultades (93,2%), 83% públicas y 17% privadas. La asignatura de MFyC está implantada en 34 facultades (82,9%), siendo obligatoria en 32 (94,1%), un 78% del total.
La asignatura se denomina Medicina Familiar y Comunitaria solo en 14 facultades (34%) y cuenta con gran variabilidad en créditos ECTS: 3 créditos en 13 facultades (36%) y 6 créditos en 11 facultades (30%). Se imparte en quinto curso en 21 facultades (51%) y en sexto curso en 13 (32%). Hay prácticas tuteladas de MFyC en 28 facultades (68%) y créditos propios en 19 (46%). Mediana duración de 5 semanas. Gran variabilidad en las denominaciones. Coordinación por MFyC en 14 facultades (50%).
Hay rotaciones en el centro de salud en 34 facultades (83%), siendo obligatorias en 29 (85%).
No hay departamentos de Medicina Familiar, y solo hay unidades docentes universitarias en 4 facultades. Actualmente, hay 3 catedráticos y 13 profesores titulares.
Conclusiones: se observa una progresión de la MFyC en la universidad en asignaturas, contenidos y profesorado, pero aún estamos lejos del nivel en el que se encuentran las universidades de otros países. Debilidades: gran heterogeneidad en denominación, contenidos, metodologías, carga docente y estructura. Fortalezas: implementación de metodologías docentes y evaluativas innovadoras.</subfield>
  </datafield>
  <datafield tag="506" ind1="0" ind2=" ">
    <subfield code="a">Access copy available to the general public</subfield>
    <subfield code="f">Unrestricted</subfield>
  </datafield>
  <datafield tag="540" ind1=" " ind2=" ">
    <subfield code="9">info:eu-repo/semantics/openAccess</subfield>
    <subfield code="a">by-nc-nd</subfield>
    <subfield code="u">http://creativecommons.org/licenses/by-nc-nd/3.0/es/</subfield>
  </datafield>
  <datafield tag="655" ind1=" " ind2="4">
    <subfield code="a">info:eu-repo/semantics/article</subfield>
    <subfield code="v">info:eu-repo/semantics/publishedVersion</subfield>
  </datafield>
  <datafield tag="700" ind1=" " ind2=" ">
    <subfield code="a">Martín Álvarez, Remedios</subfield>
  </datafield>
  <datafield tag="700" ind1=" " ind2=" ">
    <subfield code="a">Aldecoa Landesa, Susana</subfield>
  </datafield>
  <datafield tag="700" ind1=" " ind2=" ">
    <subfield code="a">Sisó Almirall, Antoni</subfield>
  </datafield>
  <datafield tag="700" ind1=" " ind2=" ">
    <subfield code="a">Magallón Botaya, Rosa</subfield>
    <subfield code="u">Universidad de Zaragoza</subfield>
    <subfield code="0">(orcid)0000-0002-5494-6550</subfield>
  </datafield>
  <datafield tag="700" ind1=" " ind2=" ">
    <subfield code="a">García Velasco, Guillermo</subfield>
  </datafield>
  <datafield tag="710" ind1="2" ind2=" ">
    <subfield code="1">1007</subfield>
    <subfield code="2">610</subfield>
    <subfield code="a">Universidad de Zaragoza</subfield>
    <subfield code="b">Dpto. Medicina, Psiqu. y Derm.</subfield>
    <subfield code="c">Area Medicina</subfield>
  </datafield>
  <datafield tag="773" ind1=" " ind2=" ">
    <subfield code="g">16, 3 (2023), 247-259</subfield>
    <subfield code="p">Rev. clín. med. fam.</subfield>
    <subfield code="t">Revista clínica de medicina de familia</subfield>
    <subfield code="x">1699-695X</subfield>
  </datafield>
  <datafield tag="856" ind1="4" ind2=" ">
    <subfield code="s">667983</subfield>
    <subfield code="u">http://zaguan.unizar.es/record/134622/files/texto_completo.pdf</subfield>
    <subfield code="y">Versión publicada</subfield>
  </datafield>
  <datafield tag="856" ind1="4" ind2=" ">
    <subfield code="s">2436311</subfield>
    <subfield code="u">http://zaguan.unizar.es/record/134622/files/texto_completo.jpg?subformat=icon</subfield>
    <subfield code="x">icon</subfield>
    <subfield code="y">Versión publicada</subfield>
  </datafield>
  <datafield tag="909" ind1="C" ind2="O">
    <subfield code="o">oai:zaguan.unizar.es:134622</subfield>
    <subfield code="p">articulos</subfield>
    <subfield code="p">driver</subfield>
  </datafield>
  <datafield tag="951" ind1=" " ind2=" ">
    <subfield code="a">2024-04-24-13:24:45</subfield>
  </datafield>
  <datafield tag="980" ind1=" " ind2=" ">
    <subfield code="a">ARTICLE</subfield>
  </datafield>
</record>
</collection>